00842cam a2200133 i 4500999001500000020001800015100001400033245020300047250001100250260007000261300003800331942001400369952032500383 c7124d7124 a97898697064071 a梁妃儀10a三十而立兒童燙傷的預防、治療與重建 :b中華民國兒童燙傷基金會三十週年專刊 = 30 years of childhood burn foundation of the Republic of China /c梁妃儀, 董光義作 a初版 a臺北市 :b財團法人中華民國兒童燙傷基金會c2018. a239面 :b彩圖, 表 ;c24公分 2cclcBOOK 00102ccl4070ayeezenbyeezend2020-08-06l0o415.223pC02718r2020-08-06 00:00:00w2020-08-06yBOOKz浴火的孩子,生理及心理的重建過程必定是痛苦的。基金會所能做的,是提供協助與陪伴,讓孩子知道許多同樣處境的傷友也不斷努力著復原。而自己,並不孤單…